|
|
|
|
| LEADER |
01003nam a22002417a 4500 |
| 001 |
AAL7658 |
| 003 |
BD-DhAAL |
| 005 |
20171113115758.0 |
| 008 |
171113m19992001B ||||| |||| 001 0bB d |
| 999 |
|
|
|c 38570
|d 38570
|
| 020 |
|
|
|a 9844460492
|
| 040 |
|
|
|a BD-DhAAL
|c BD-DhAAL
|
| 082 |
|
|
|a 954
|
| 100 |
|
|
|a শাহানাওয়াজ, এ কে এম
|9 23756
|
| 245 |
|
|
|a ভারত উপমহাদেশের ইতিহাস :
|b প্রাচীন যুগ /
|c এ কে এম শাহানাওয়াজ
|
| 260 |
|
|
|a ঢাকা :
|b প্রতীক,
|c ২০০১
|
| 300 |
|
|
|a ৩৩৪ পৃ ;
|c ২১ সে মি.
|
| 504 |
|
|
|6 Includes bibliography and index.
|
| 541 |
|
|
|e 7658
|
| 651 |
|
|
|a India
|x History
|y 1000-1526.
|9 23757
|
| 852 |
|
|
|a Savar Campus LIibrary
|c General Shelf
|
| 942 |
|
|
|2 ddc
|c BK
|
| 952 |
|
|
|0 0
|1 0
|2 ddc
|4 0
|6 954_000000000000000_SHA
|7 0
|9 61860
|a SCL
|b SCL
|c GEN
|d 2017-11-13
|g 275.00
|l 12
|m 31
|o 954 SHA
|p 3020007658
|r 2025-09-01
|s 2025-08-12
|t 1
|w 2017-11-13
|y BK
|